000 01119nam a22003137a 4500
001 7047
003 FISKH
005 20250619110958.0
008 250619b cb ||||| |||| 00| 0 eng d
020 _a9780736426633
040 _aFISKH
_beng
_cFISKH
_dFISKH
050 _aPZ7.R24455 D
082 _a428.6
100 _aRedbank, Tennant
245 _aA dozen fairy dresses /
_cBy Tennant Redbank : Illustrated by the Disney Storybook Artist
260 _aNew York :
_bRandom House ,
_c2010.
300 _a48 pages :
_bcolor illustrations ;
_c23 cm .
490 _aDisney Fairies (Step Into Reading)
_vStep 4
505 _aJ
520 _aWith the Purple Moon Night Ball approaching, Hem, a talented seamstress, has big dreams of creating a beautiful new dress until all the other fairies ask her to make new dresses for them.
521 8 _a500
_bLexile estimate
521 8 _aJ
_bRaz-Plus
650 _aFaries
_vFiction
650 _aSewing
_vFiction
650 _aClothing and dress
_vFiction
700 _aDisney Storybook Artists
_eIllustrator
942 _2ddc
_cBK
_n0
999 _c7047
_d7047